Detalles MARC
| 000 -LIDER |
| fixed length control field |
00878nam a2200289 a 4500 |
| 001 - NÚMERO DE CONTROL |
| Identificador de número de control |
000044296 |
| 003 - IDENTIFICACDOR DE NÚMERO DE CONTROL |
| control field |
DO-SdBNP |
| 005 - DATE AND TIME OF LATEST TRANSACTION |
| control field |
20180125125616.0 |
| 007 - CAMPOS FIJOS DE DESCRIPCIÓN FÍSICA |
| fixed length control field |
000044296 |
| 008 - ELEMENTOS DE LONGITUD FIJA |
| fixed length control field |
140613s2011 ag a 000 0 spa d |
| 020 ## - ISBN |
| International Standard Book Number |
9789870400493 |
| 040 ## - FUENTE DE CATALOGACIÓN |
| Agencia que crea de manera original el registro |
BPMSU |
| Idioma de catalogación |
spa |
| Agencia que realiza la transcripción |
BPMSU |
| 082 ## - NÚMERO DE CLASIFICACIÓN DECIMAL DE DEWEY |
| Classification number |
A863.6 |
| Item number |
B735e |
| 100 1# - ASIENTO PRINCIPAL -- NOMBRE PERSONAL |
| Nombre personal |
Bornemann, Elsa Isabel, |
| Fechas asociadas con el nombre |
1952-2013. |
| 245 13 - MENCIÓN DE TITULO |
| Título |
La edad del pavo / |
| Mención de responsabilidad |
Elsa Bornemann; ilustración Carlos Nine |
| 250 ## - MENCIÓN DE EDICION |
| Mención de edición |
6a. reimpresión |
| 260 ## - PUBLICACIÓN, DISTRIBUCIÓN, ETC. (PIE DE IMPRENTA) |
| Lugar de publicación, distribución, etc |
Buenos Aires, Argentina : |
| Nombre del editor, distribuidor, etc. |
Alguara, |
| Fecha de publicación, distribución, etc |
2011 |
| 300 ## - DESCRIPCIÓN FÍSICA |
| Extensión |
119 p. : |
| Otros detalles físicos |
il. ; |
| Dimensiones |
21 cm. |
| 440 ## - MENCIÓN DE SERIE/ENTRADA SECUNDARIA--TÍTULO |
| Número de la parte o sección de una obra |
Afaguara Juvenil |
| 650 ## - ENCABEZAMIENTO DE MATERIA--TEMÁTICO |
| Término temático o nombre geográfico como elemento de entrada |
CUENTOS JUVENILES ARGENTINOS |
| 650 ## - ENCABEZAMIENTO DE MATERIA--TEMÁTICO |
| Término temático o nombre geográfico como elemento de entrada |
LITERATURA JUVENIL ARGENTINA |
| 700 ## - ASIENTO SECUNDARIO -- NOMBRE PERSONAL |
| Término de relación |
Nine, Carlos |
| Mención de responsabilidad |
il. |
| 830 ## - ASIENTO SECUNDARIO DE SERIE--TÍTULO UNIFORME |
| Idioma de una obra |
Alfaguara juvenil |
| 942 ## - ADDED ENTRY ELEMENTS (KOHA) |
| Source of classification or shelving scheme |
Dewey Decimal Classification |
| Koha item type |
Libros |
| Item part |
|
| 945 ## - INFORMACIÓN DE PROCESAMIENTO LOCAL |
| Información de procesamiento local |
Inventariado extranjero / 2018 VM |
| 956 ## - LOCAL ELECTRONIC LOCATION AND ACCESS (OCLC) |
| Nombre de host |
VMATEO |
| Número de acceso |
10 |
| Información de compresión |
20140613 |
| Inicio de sesión |
BPMSU |
| Procesador de solicitud |
0069 |